Paroles - Papillon - Zed Yun Pavarotti - Statistiques

Statistiques générales
  • Ce quiz a été pris 12 fois
  • Le résultat moyen est 280 sur 500
Statistiques - réponses
Paroles % Correct
à
88%
ma
88%
mais
88%
avec
75%
bien
75%
c'est
75%
corps
75%
de
75%
dormi
75%
du
75%
d'usine
75%
en
75%
fini
75%
Henessy
75%
il
75%
Jack
75%
J'ai
75%
j'ai
75%
mieux
75%
plus
75%
un
75%
vie
75%
y'a
75%
abandonnés
63%
au
63%
avez
63%
ça
63%
changé
63%
des
63%
différentes
63%
énergies
63%
feu
63%
genesis
63%
jambes
63%
jeune
63%
j'kiffe
63%
j'la
63%
la
63%
63%
le
63%
les
63%
libres
63%
méga
63%
mille
63%
milles
63%
mon
63%
motel
63%
nous
63%
on
63%
ou
63%
63%
pas
63%
roule
63%
ses
63%
si
63%
suis
63%
sur
63%
tagas
63%
trucs
63%
veux
63%
vous
63%
yeux
63%
allez
50%
après
50%
astronaute
50%
avoir
50%
baiser
50%
bar
50%
bella
50%
bisou
50%
bon
50%
bonjour
50%
bousillé
50%
camion
50%
car
50%
carcasse
50%
Cendrillon
50%
c'était
50%
ciao
50%
comprendre
50%
cool
50%
coup
50%
dame
50%
dans
50%
d'colliers
50%
dernière
50%
d'fleurs
50%
d'gros
50%
Dieu
50%
dieux
50%
dis-moi
50%
dit
50%
dix
50%
d'l'eau
50%
d'soucis
50%
d'ssous
50%
d'vant
50%
elle
50%
enlève
50%
est
50%
et
50%
être
50%
fais
50%
fait
50%
fête
50%
film
50%
fond
50%
ils
50%
jette
50%
j'fais
50%
j'me
50%
jour
50%
j'suis
50%
j'vais
50%
j'veux
50%
là-bas
50%
l'avion
50%
l'cheval
50%
l'fleuve
50%
l'fond
50%
l'nouveau
50%
m'aimer
50%
maman
50%
matelot
50%
même
50%
mes
50%
m'éteindre
50%
m'font
50%
mission
50%
moi
50%
mortel
50%
Mortel
50%
nettoyer
50%
new
50%
noir
50%
ouais
50%
papillon
50%
pauv'
50%
peux
50%
photo
50%
pleures
50%
poésie
50%
pour
50%
procès
50%
restes
50%
roues
50%
salon
50%
s'arrose
50%
seul
50%
six
50%
s'mouiller
50%
sont
50%
sourire
50%
talons
50%
tant
50%
tard
50%
tarder
50%
t'es
50%
tes
50%
tête
50%
tiens
50%
toi
50%
tourner
50%
tout
50%
trop
50%
tu
50%
une
50%
va
50%
vingt
50%
vouloir
50%
zboub
50%
Zed Yun
50%
zins
50%
barreau
38%
biens
38%
bientôt
38%
bottes
38%
chemin
38%
ciroc
38%
codes
38%
comment
38%
crapaud
38%
d'chasse
38%
d'Iroquois
38%
duper
38%
ensemble
38%
et le
38%
gabarit
38%
garos
38%
Get
38%
j'allume
38%
j'rentre
38%
l'abri
38%
lancer
38%
lieues
38%
long
38%
magouille
38%
m'amuser
38%
millions
38%
mince
38%
parce que
38%
parole
38%
pas b'soin
38%
qu'j'suis
38%
qu'une
38%
rien
38%
rockstar
38%
salaud
38%
sbar
38%
s'barre
38%
seule
38%
souffla
38%
souviens-toi
38%
terrain
38%
tous
38%
toute
38%
vent
38%
veste
38%
vision
38%
y'avait
38%
yes
38%
d'commun
25%
disparaisse
25%
grand
25%
j'finis
25%
j's'rais
25%
main
25%
m'met
25%
qu'on
25%
rime
25%
un jour
25%
vautour
25%
bougera
13%
l'toran
0%
Aucun quiz correspondant
Distribution des résultats
% des personnes avec chaque résultat
Percentile par nombre de réponses
Votre historique - résultats
Vous n’avez pas pris ce quiz